Nguyễn Công Hoan - về tác gia và tác phẩm /

Enregistré dans:
Détails bibliographiques
Auteur principal: Vũ Ngọc Phan
Autres auteurs: Trúc Hà., Trương Chính.
Format: Sách giấy
Langue:Vietnamese
Publié: H. : Giáo dục, 2000.
Sujets:
Tags: Ajouter un tag
Pas de tags, Soyez le premier à ajouter un tag!
Thư viện lưu trữ: Thư viện Trường Đại học Đà Lạt
LEADER 00861nam a2200325 4500
001 DLU020017416
005 ##20010327
020 # # |a 978- 
041 # # |a vie 
082 # # |a 895.922 3  |b Ngu 
100 # # |a Vũ Ngọc Phan 
245 # # |a Nguyễn Công Hoan - về tác gia và tác phẩm /  |c  Vũ Ngọc Phan, Trương Chính, Trúc Hà. 
260 # # |a H. :  |b Giáo dục,  |c 2000. 
300 # # |a 644 tr.;   |c 24 cm. 
653 # # |a Chân dung văn học 
653 # # |a Nghiên cứu văn học 
653 # # |a Nguyễn Công Hoan, 1903-1977 
653 # # |a Nhà văn Việt Nam 
653 # # |a Văn học hiện thực 
700 # # |a Trúc Hà. 
700 # # |a Trương Chính. 
992 # # |a 54000 
994 # # |a DLU 
900 # # |a False 
911 # # |a Administrator 
925 # # |a G 
926 # # |a A 
927 # # |a SH 
980 # # |a Thư viện Trường Đại học Đà Lạt